00449nam a2200145Ia 4500082002000000100001900020245006400039260003600103504003300139650003800172650002800210650001800238650003100256700001600287 a305.40954 LID-; aLiddle, Joanna 0aDaughters of independence: gender, caste and class in India aNew DelhibKali for Womenc1986 aIncludes index, bibliography aWomen - Social conditions - India aWomen's studies - India aCaste - India aWomen - Employment - India aJoshi, Rama